00608nam a2200145Ia 4500008004000000082002100040100002700061245012600088260006200214300001000276690001800286906001100304999001700315952013000332210210b1982 xxu||||| |||| 00| 0 eng d a305.6220548 KOIC aKOILPARAMPIL (George). aCaste in the catholic community in Kerala. study of caste elements in the inter rite relationships of syrians and latins. aCochin.bDept of Sociology, St. Teresa''s College.,c1982 ax,289 aSocial Groups a036703 c86929d86929 001040708SociologyaALbALcSociologyd2021-02-17g75.00l0o305.6220548 KOICp036703r2021-02-17 00:00:00w2021-02-17yBK